[Event "Getxo op 2nd"]
[Site "Getxo"]
[Date "2017.09.09"]
[Round "1"]
[White "Fernandez Rivera, Igor"]
[Black "Grandes Arnaiz, Jose Ramon"]
[Result "1-0"]
[WhiteElo "1839"]
[BlackElo "1350"]
[PlyCount "55"]
[EventDate "2017.09.09"]
[EventType "swiss"]
[EventRounds "9"]
[EventCountry "ESP"]
[SourceTitle "CBM 180 Extra"]
[Source "ChessBase"]
[SourceDate "2017.10.06"]
[SourceVersion "1"]
[SourceVersionDate "2017.10.06"]
[SourceQuality "1"]

1. e4 Nf6 2. d3 e5 3. g3 d6 4. Bg2 Nc6 5. Nf3 h6 6. c3 Be7 7. 0-0 Bg4 8. h3 Be6 9. Re1 Qd7 10. Kh2 g5 11. d4 exd4 12. cxd4 Bc4 13. Nc3 0-0-0 14. Be3 Kb8 15. d5 Ne5 16. Qd4 c5 17. dxc6 Qxc6 18. Qxa7+ Kc8 19. Nxe5 dxe5 20. b3 Qa6 21. bxc4 Qxa7 22. Bxa7 Bb4 23. Rec1 Rd3 24. Nd5 Nxd5 25. cxd5+ Kd7 26. Rab1 Ba3 27. Rxb7+ Kd6 28. Rc6# 1-0

[Event "Famalicao op 5th"]
[Site "Famalicao"]
[Date "2017.07.30"]
[Round "3"]
[White "Ribeiro, Gustavo"]
[Black "Fernandez Rivera, Igor"]
[Result "1-0"]
[WhiteElo "1281"]
[BlackElo "1854"]
[PlyCount "79"]
[EventDate "2017.07.29"]
[EventType "swiss"]
[EventRounds "9"]
[EventCountry "POR"]
[SourceTitle "EXT 2018"]
[Source "ChessBase"]
[SourceDate "2017.10.13"]
[SourceVersion "1"]
[SourceVersionDate "2017.10.13"]
[SourceQuality "1"]

1. e4 d6 2. Nf3 Nf6 3. Nc3 g6 4. Bc4 Bg7 5. d3 c6 6. a4 e5 7. Ne2 0-0 8. Bg5 d5 9. exd5 cxd5 10. Bb3 Nc6 11. Nc3 Be6 12. 0-0 h6 13. Bh4 Qd7 14. Re1 Nh5 15. a5 Kh7 16. Ba4 f6 17. d4 e4 18. Nd2 f5 19. Nb3 Qf7 20. a6 Bc8 21. Nc5 Nxd4 22. axb7 Bxb7 23. Nd7 g5 24. Nxf8+ Rxf8 25. Bxg5 hxg5 26. Nb5 Nxb5 27. Bxb5 Bc8 28. Bc6 Be6 29. c3 f4 30. c4 dxc4 31. Bxe4+ Kg8 32. Rxa7 Qe8 33. Ra8 Qf7 34. Rxf8+ Bxf8 35. Qd4 Nf6 36. Bc6 Bg7 37. Qd8+ Kh7 38. Qd6 Bf5 39. h3 Kg6 40. Be8 1-0

[Event "Euskadi-chT (Vasca) Div 1st"]
[Site "Bergara"]
[Date "2016.??.??"]
[Round "4.3"]
[White "Munita Loinaz, Jose Antonio"]
[Black "Fernandez Rivera, Igor"]
[Result "0-1"]
[WhiteElo "1826"]
[BlackElo "1837"]
[PlyCount "104"]
[EventDate "2016.01.09"]
[EventType "team-tourn"]
[EventRounds "9"]
[EventCountry "ESP"]
[SourceTitle "EXT 2024"]
[Source "ChessBase"]
[SourceDate "2023.10.10"]
[SourceVersion "1"]
[SourceVersionDate "2023.10.10"]
[SourceQuality "1"]

1. e4 d6 2. Nf3 Nf6 3. c3 c6 4. Qc2 g6 5. d4 Bg7 6. Be2 0-0 7. 0-0 Nbd7 8. Bf4 Re8 9. Nbd2 e5 10. dxe5 dxe5 11. Bg3 Nh5 12. Bh4 Bf6 13. Bxf6 Ndxf6 14. Rad1 Qe7 15. Nc4 Bg4 16. Ne3 Bxf3 17. Bxf3 Rad8 18. Qa4 b5 19. Qa6 Qc7 20. Nc2 Nf4 21. Nb4 Rxd1 22. Rxd1 Re6 23. Qa3 Rd6 24. Rxd6 Qxd6 25. Nd5 Qxa3 26. Nxf6+ Kg7 27. Ne8+ Kf8 28. bxa3 Kxe8 29. Bd1 Nd3 30. Bc2 Nc1 31. Kf1 Nxa2 32. c4 Nc3 33. cxb5 Nxb5 34. a4 Nd4 35. Bd3 Kd7 36. Ke1 f6 37. Kd2 Nb3+ 38. Kc3 Nc5 39. Bc2 a5 40. Kc4 Kd6 41. f3 Ne6 42. g3 g5 43. Bd1 Nd4 44. f4 Ne6 45. f5 Nc7 46. h4 gxh4 47. gxh4 Na8 48. Bh5 Nb6+ 49. Kb3 Kc5 50. Be8 Nc8 51. Bh5 Kd4 52. Be8 c5 0-1

[Event "Zaragoza Verano op A 1st"]
[Site "Zaragoza"]
[Date "2015.08.02"]
[Round "9.4"]
[White "Romero Pallares, Daniel"]
[Black "Fernandez Rivera, Igor"]
[Result "1-0"]
[WhiteElo "2070"]
[BlackElo "1856"]
[PlyCount "39"]
[EventDate "2015.07.31"]
[EventType "swiss"]
[EventRounds "9"]
[EventCountry "ESP"]
[SourceTitle "EXT 2024"]
[Source "ChessBase"]
[SourceDate "2023.10.10"]
[SourceVersion "1"]
[SourceVersionDate "2023.10.10"]
[SourceQuality "1"]

1. e4 d6 2. Nc3 Nf6 3. d4 g6 4. Bc4 Bg7 5. Qe2 Nc6 6. e5 dxe5 7. dxe5 Ng4 8. e6 f5 9. Nf3 0-0 10. Bf4 Nd4 11. Nxd4 Qxd4 12. Nd5 Bf6 13. h3 Nxf2 14. Be3 Qxb2 15. Kxf2 f4 16. Nxf6+ Rxf6 17. Bc5 b6 18. Rab1 f3 19. gxf3 Bb7 20. Rxb2 1-0

[Event "Zaragoza Verano op A 1st"]
[Site "Zaragoza"]
[Date "2015.08.01"]
[Round "4.5"]
[White "Fernandez Rivera, Igor"]
[Black "Palacios Herrero, Pablo"]
[Result "1/2-1/2"]
[WhiteElo "1856"]
[BlackElo "2064"]
[PlyCount "108"]
[EventDate "2015.07.31"]
[EventType "swiss"]
[EventRounds "9"]
[EventCountry "ESP"]
[SourceTitle "EXT 2024"]
[Source "ChessBase"]
[SourceDate "2023.10.10"]
[SourceVersion "1"]
[SourceVersionDate "2023.10.10"]
[SourceQuality "1"]

1. e4 e6 2. d3 d5 3. Nd2 Nf6 4. Ngf3 Nc6 5. Be2 dxe4 6. dxe4 e5 7. 0-0 Bg4 8. c3 Bd6 9. Qc2 Bh5 10. Rd1 0-0 11. Nc4 Qe7 12. Nxd6 cxd6 13. Bg5 Qe6 14. Nh4 Bg6 15. Nxg6 hxg6 16. Bxf6 gxf6 17. Qb3 Qxb3 18. axb3 Rfd8 19. Rd2 Kf8 20. Bb5 Ke7 21. f3 a6 22. Bc4 Na7 23. Bd5 Rab8 24. c4 Rdc8 25. Kf2 Nc6 26. Bxc6 bxc6 27. Rd3 Rb6 28. g4 Rcb8 29. Ra3 Ke6 30. h4 c5 31. Kg3 f5 32. h5 gxh5 33. gxh5 Rg8+ 34. Kh4 fxe4 35. fxe4 Rg2 36. Rg3 Rxg3 37. Kxg3 f5 38. h6 f4+ 39. Kg4 Kf6 40. Ra1 Kg6 41. Rd1 Kxh6 42. Kf5 f3 43. Rd3 f2 44. Rf3 Rxb3 45. Rxf2 Rd3 46. Rg2 Rd4 47. b3 Rd3 48. Ra2 Rxb3 49. Rxa6 Rd3 50. Ke6 Rd4 51. Rxd6 Kg7 52. Kxe5 Rxc4 53. Kd5 Rd4+ 54. Kxc5 Rxe4 1/2-1/2

[Event "Erandio op 21st"]
[Site "Erandio"]
[Date "2012.12.28"]
[Round "6"]
[White "Prieto Aranguren, Alain"]
[Black "Fernandez Rivera, Igor"]
[Result "1-0"]
[WhiteElo "2193"]
[BlackElo "1903"]
[PlyCount "73"]
[EventDate "2012.12.22"]
[EventType "swiss"]
[EventRounds "9"]
[EventCountry "ESP"]
[SourceTitle "CBM 152 Extra"]
[Source "ChessBase"]
[SourceDate "2013.02.25"]
[SourceVersion "1"]
[SourceVersionDate "2013.02.25"]
[SourceQuality "1"]

1. d4 d6 2. Nf3 g6 3. c4 Nf6 4. Nc3 Bg7 5. e4 0-0 6. Be2 e5 7. 0-0 Nc6 8. d5 Ne7 9. Ne1 Nd7 10. Be3 f5 11. f3 f4 12. Bf2 g5 13. Nb5 Nf6 14. Nxa7 Bd7 15. Nb5 Ng6 16. c5 Ne8 17. a4 Rf7 18. cxd6 cxd6 19. Nc2 Bf8 20. Nca3 h5 21. Nc4 Qf6 22. Nb6 Rd8 23. Rc1 Rg7 24. Nxd7 Rdxd7 25. Rc8 Rde7 26. Bb6 Nh4 27. Bd8 Qg6 28. Bxe7 Nxg2 29. Kxg2 g4 30. fxg4 Qxe4+ 31. Bf3 Qg6 32. Bxf8 Kxf8 33. Qc2 Qxc2+ 34. Rxc2 hxg4 35. Be4 Ke7 36. Rfc1 Rg5 37. Rc8 1-0

[Event "Sestao op 28th"]
[Site "Sestao"]
[Date "2012.10.11"]
[Round "1"]
[White "Romero Holmes, Alfonso"]
[Black "Fernandez Rivera, Igor"]
[Result "1-0"]
[WhiteElo "2508"]
[BlackElo "1869"]
[PlyCount "75"]
[EventDate "2012.10.11"]
[EventType "swiss"]
[EventRounds "6"]
[EventCountry "ESP"]
[SourceTitle "EXT 2015"]
[Source "ChessBase"]
[SourceDate "2014.11.20"]
[SourceVersion "1"]
[SourceVersionDate "2014.11.20"]
[SourceQuality "1"]

1. e4 d6 2. Bc4 Nf6 3. d3 g6 4. f4 Bg7 5. Nc3 c6 6. Bb3 Na6 7. Nf3 Nc5 8. Be3 Nxb3 9. axb3 b6 10. 0-0 Ng4 11. Bd2 f5 12. Qe2 0-0 13. Rae1 e6 14. h3 Nf6 15. e5 Nd5 16. exd6 Qxd6 17. Ne5 Re8 18. Qf2 Nb4 19. Be3 Bxe5 20. fxe5 Qxe5 21. Bxb6 Qg7 22. Bc5 Nd5 23. Na4 a6 24. c4 Nc7 25. Bd6 Rd8 26. Be5 Qe7 27. d4 a5 28. Re3 Rb8 29. Qd2 Rb4 30. Rg3 Ne8 31. Qf4 Ng7 32. Qh6 Qf7 33. h4 Rd7 34. Nc5 Ra7 35. h5 gxh5 36. Rxg7+ Qxg7 37. Bxg7 Rxg7 38. Nxe6 1-0

[Event "Cantabria-ch"]
[Site "Cantabria"]
[Date "2009.04.25"]
[Round "6"]
[White "Fernandez Rivera, Igor"]
[Black "Nunez Arango, Roberto"]
[Result "1-0"]
[WhiteElo "1882"]
[BlackElo "1626"]
[PlyCount "53"]
[EventDate "2009.03.14"]
[EventType "swiss"]
[EventRounds "7"]
[EventCountry "ESP"]
[SourceTitle "EXT 2024"]
[Source "ChessBase"]
[SourceDate "2023.10.10"]
[SourceVersion "1"]
[SourceVersionDate "2023.10.10"]
[SourceQuality "1"]

1. e4 e6 2. d3 d5 3. Nd2 c5 4. Ngf3 Nf6 5. g3 Nc6 6. Bg2 Be7 7. 0-0 0-0 8. e5 Nd7 9. Re1 b5 10. Nf1 Bb7 11. h4 Qc7 12. Bf4 Nb6 13. N1h2 d4 14. Ng4 Qd8 15. Ng5 g6 16. Nh6+ Kg7 17. Nhxf7 Rxf7 18. Nxe6+ Kg8 19. Nxd8 Rxd8 20. e6 Rf5 21. Be4 Rh5 22. Qg4 Kh8 23. Qf3 Ne5 24. Bxe5+ Rxe5 25. Bxb7 Rf8 26. Qxf8+ Bxf8 27. Rxe5 1-0

[Event "Cantabria-ch"]
[Site "Cantabria"]
[Date "2009.04.18"]
[Round "5"]
[White "Fernandez Rivera, Igor"]
[Black "Quirce Teja, Alejandro"]
[Result "1-0"]
[WhiteElo "1882"]
[BlackElo "1682"]
[PlyCount "47"]
[EventDate "2009.03.14"]
[EventType "swiss"]
[EventRounds "7"]
[EventCountry "ESP"]
[SourceTitle "EXT 2024"]
[Source "ChessBase"]
[SourceDate "2023.10.10"]
[SourceVersion "1"]
[SourceVersionDate "2023.10.10"]
[SourceQuality "1"]

1. e4 e6 2. d3 d5 3. Nd2 Nc6 4. Ngf3 Bc5 5. Be2 Nf6 6. 0-0 dxe4 7. dxe4 0-0 8. c3 e5 9. Qc2 Be6 10. Nc4 Bxc4 11. Bxc4 a6 12. Bg5 Qe7 13. Rad1 Rad8 14. Nh4 g6 15. b4 Ba7 16. g3 Kg7 17. Qc1 Rxd1 18. Rxd1 Rd8 19. Bd5 Rd6 20. Bxc6 bxc6 21. Nf5+ gxf5 22. Bh6+ Kh8 23. Qg5 Bxf2+ 24. Kg2 1-0

[Event "IECG CB.2003.0.00093 email"]
[Site "IECG email"]
[Date "2003.09.21"]
[Round "1"]
[White "Taffijn, Aad"]
[Black "Fernandez Rivera, Igor"]
[Result "1-0"]
[WhiteElo "1934"]
[BlackElo "1845"]
[PlyCount "21"]
[EventDate "2003.09.21"]
[EventType "tourn (corr)"]
[EventRounds "6"]
[SourceTitle "Corr 2024"]
[Source "ChessBase"]
[SourceDate "2023.10.19"]
[SourceVersion "1"]
[SourceVersionDate "2023.10.19"]
[SourceQuality "1"]

1. e4 d6 2. d4 Nf6 3. Nc3 e5 4. Nf3 Nbd7 5. Bc4 Be7 6. 0-0 0-0 7. Re1 c6 8. a4 a5 9. h3 Re8 10. Be3 Nf8 11. dxe5 1-0